Maggior numero di Vittorie al Gran Premio del Giappone - Statistics

Statistiche generali
  • Questo quiz è stato fatto 4 volte
  • Il punteggio medio è 7 su 9
Statistiche sulle risposte
Numero vittorie Stagioni delle vittorie Pilota % Corretto
2 1988, 1993 Ayrton Senna
100%
5 2007, 2014, 2015, 2017, 2018 Lewis Hamilton
100%
3 2022, 2023, 2024 Max Verstappen
100%
6 1995, 1997, 2000, 2001, 2002, 2004 Michael Schumacher
100%
4 2009, 2010, 2012, 2013 Sebastian Vettel
100%
2 1994, 1996 Damon Hill
67%
2 2006, 2008 Fernando Alonso
67%
2 1998, 1999 Mika Häkkinen
67%
2 1987, 1991 Gerhard Berger
0%
Nessun quiz corrispondente trovato
Distribuzione punteggi
Percentuale di utenti per punteggio
Percentile per numero di risposta
I tuoi punteggi nel tempo
Non hai fatto questo quiz